Critique de la raison dialectique

Guardat en:
Dades bibliogràfiques
Autor principal: Sartre, Jean-Paul (Autor)
Format: Llibre
Idioma:francès
Publicat: París Gallimard 1960
Col·lecció:Bibliothèque des Idées
Matèries:
Etiquetes: Afegir etiqueta
Sense etiquetes, Sigues el primer a etiquetar aquest registre!

MARC

LEADER 00000nam a2200000 a 4500
001 UCZ2772
003 CL-VaPUC
008 951006e19600000FR |||||||||||||||||fre|d
082 0 4 |a 142.3  |b SAR  |2 21 
100 0 |a Sartre, Jean-Paul  |e author  |9 269377 
245 1 0 |a Critique de la raison dialectique 
300 |a v 
942 |c BK 
945 |d 19951006 00:00:00  |a lriquelm 
260 |a París  |b Gallimard  |c 1960 
500 |a v.1: Théorie des ensembles pratiques 
650 0 |a Teoría del conocimiento   |9 255038 
650 0 |a Epistemología   |9 264994 
650 0 |a Empirismo  |9 255037 
650 0 |a Razón   |9 314475 
650 0 |a Teoría de conjuntos   |9 265668 
650 0 |a Inteligencia  |9 267038 
583 |a last modification  |c 19951006 00:00:00  |k Rodrigo Vera 
490 0 |a Bibliothèque des Idées 
999 |c 239327  |d 239325 
952 |0 0  |1 0  |4 0  |6 142_300000000000000_SAR_1960  |7 0  |8 P  |9 250392  |a BIBEDU  |b BIBEDU  |c BIBEDU_PB  |d 2019-11-18  |h v.1  |i 1581783  |o 142.3 SAR 1960  |p 1581783  |r 2024-01-25  |w 2019-11-18  |y BK  |k FIL 
952 |0 0  |1 0  |4 0  |6 142_300000000000000_SAR_1960  |7 0  |8 P  |9 250393  |a BIBEDU  |b BIBEDU  |c BIBEDU_PB  |d 2019-11-18  |h v.1  |i 1581791  |o 142.3 SAR 1960  |p 1581791  |r 2024-01-25  |w 2019-11-18  |y BK  |k FIL